| 000 | 00565nam a22001817a 4500 | ||
|---|---|---|---|
| 003 | OSt | ||
| 005 | 20260427060336.0 | ||
| 008 | 260427b |||||||| |||| 00| 0 eng d | ||
| 020 | _a978-971-0581-16-0 | ||
| 040 |
_aDWCL Main Lib. _cOC |
||
| 082 | _aFil. 899.211 T676n 2011 | ||
| 100 | _aTorres, Josephine P. | ||
| 245 |
_aNoli me tangere / _cJosephine P. Torres |
||
| 260 |
_aQuezon City : _bBrilliant Creations, _cc2011. |
||
| 300 |
_avi, 303 pages : _billustrations ; _c26 cm. |
||
| 650 | _a1. Noli Me Tangere--Philippine Literature. | ||
| 942 |
_2ddc _cBK - FIL _n0 |
||
| 999 |
_c9932 _d9932 |
||